Механика материалов и основы конструирования (Запись № 9876391)

Подробности
000 -МАРКЕР
контрольное поле 02337nam0a2200361 i 4500
001 - ИДЕНТИФИКАТОР ЗАПИСИ
контрольное поле RU\NLR\BIBL_A\010015838
005 - ИДЕНТИФИКАТОР ВЕРСИИ
контрольное поле 20260607083648.0
010 ## - МЕЖДУНАРОДНЫЙ СТАНДАРТНЫЙ НОМЕР КНИГИ (ISBN)
Номер (ISBN) 9785842406104
Тираж 300
021 ## - НОМЕР ГОСУДАРСТВЕННОЙ РЕГИСТРАЦИИ
Код страны Российская Федерация
Номер 2013-88564
Номер Листа государственной регистраци 6128
035 ## - ДРУГИЕ СИСТЕМНЫЕ НОМЕРА
Идентификатор записи (NILC)RuMoRGB-006689416
035 ## - ДРУГИЕ СИСТЕМНЫЕ НОМЕРА
Идентификатор записи (NLR Aleph) 010015838
100 ## - ДАННЫЕ ОБЩЕЙ ОБРАБОТКИ
Данные общей обработки 20131218d2012 m y0rusy50 ca
101 0# - ЯЗЫК РЕСУРСА
Язык текста, звукозаписи и т.д. русский
102 ## - СТРАНА ПУБЛИКАЦИИ ИЛИ ПРОИЗВОДСТВА
Страна публикации Российская Федерация
105 ## - ПОЛЕ КОДИРОВАННЫХ ДАННЫХ: ТЕКСТОВЫЕ МАТЕРИАЛЫ, МОНОГРАФИЧЕСКИЕ
Кодированные данные о монографическом текстовом документе a|||j|||001yy
200 1# - ЗАГЛАВИЕ И СВЕДЕНИЯ ОБ ОТВЕТСТВЕННОСТИ
Основное заглавие Механика материалов и основы конструирования
Сведения, относящиеся к заглавию учебное пособие для студентов высших учебных заведений, обучающихся по направлению подготовки бакалавров 150100 Материаловедение и технологии материалов
Первые сведения об ответственности Е. В. Пояркова, Л. С. Диньмухаметова
Последующие сведения об ответственности М-во образования и науки Российской Федерации, Орский гуманитарно-технологический ин-т (фил.) Федерального гос. бюджетного образовательного учреждения высш. проф. образования "Оренбургский гос. ун-т"
210 ## - ПУБЛИКАЦИЯ, РАСПРОСТРАНЕНИЕ И ДР.
Место издания, распространения и т.д. Орск
Имя издателя, распространителя и т. д. Изд-во Орского гуманитарно-технологического института
Дата издания, распространения и т.д. 2012
215 ## - ФИЗИЧЕСКАЯ ХАРАКТЕРИСТИКА
Специфическое обозначение материала и объем 270 с.
Другие сведения о физической характеристике ил., табл.
Размеры 21
320 ## - ПРИМЕЧАНИЯ О НАЛИЧИИ В ДОКУМЕНТЕ БИБЛИОГРАФИИ / УКАЗАТЕЛЯ
Текст примечания Библиогр.: с. 258 (10 назв.)
606 1# - НАИМЕНОВАНИЕ ТЕМЫ КАК ПРЕДМЕТ
Наименование темы Материалы
Формальный подзаголовок Учебные издания для высших учебных заведений
Тематический подзаголовок Физико-механические свойства
Системный номер авторитетной/нормативной записи 1515220
Идентификатор авторитетной/нормативной записи RU\NLR\AUTH\66658116
606 ## - НАИМЕНОВАНИЕ ТЕМЫ КАК ПРЕДМЕТ
Наименование темы Проектно-конструкторские работы
Формальный подзаголовок Учебные издания для высших учебных заведений
Идентификатор авторитетной/нормативной записи RU\NLR\AUTH\66560614
Системный номер авторитетной/нормативной записи 1344031
675 ## - УНИВЕРСАЛЬНАЯ ДЕСЯТИЧНАЯ КЛАССИФИКАЦИЯ (UDC/УДК)
Индекс 620.1(075.8)
686 1# - ИНДЕКСЫ ДРУГИХ КЛАССИФИКАЦИЙ
Индекс Ж2я73-1
686 1# - ИНДЕКСЫ ДРУГИХ КЛАССИФИКАЦИЙ
Индекс Ж306.2я73-1
700 #1 - ИМЯ ЛИЦА - ПЕРВИЧНАЯ ОТВЕТСТВЕННОСТЬ
Начальный элемент ввода Пояркова
Часть имени, кроме начального элемента ввода Е. В.
Дополнения к именам, кроме дат д-р техн. наук
Расширение инициалов личного имени Екатерина Васильевна
Системный номер авторитетной/нормативной записи 175718
Идентификатор авторитетной/нормативной записи RU\NLR\AUTH\770175769
701 #1 - ИМЯ ЛИЦА - АЛЬТЕРНАТИВНАЯ ОТВЕТСТВЕННОСТЬ
Начальный элемент ввода Диньмухаметова
Часть имени, кроме начального элемента ввода Л. С.
Расширение инициалов личного имени Людмила Сергеевна
801 #0 - ИСТОЧНИК ЗАПИСИ
Страна Российская Федерация
Организация RuMoRKP
Дата составления 20131031
Правила каталогизации RCR
801 #2 - ИСТОЧНИК ЗАПИСИ
Страна Российская Федерация
Организация РГБ
Дата составления 20131112
Правила каталогизации rcr
942 ## - ДОПОЛНИТЕЛЬНЫЕ ЭЛЕМЕНТЫ ЗАПИСИ (АБИС)
Тип экземпляра АБИС Книга
980 ## - КОЛЛЕКЦИЯ
Название коллекции НБР

Нет доступных экземпляров.